000 00868nam a2200253 i 4500
001 180597
003 ES-MaACL
005 20230906221136.0
008 120615s1972 sp af |||| |bspa d
080 _a75Ingres
100 1 _aIngres, Jean-Auguste-Dominique.
_9150604
245 1 3 _aLa obra pictórica completa de Ingres /
_cintroducción de Emilio Radius ; biografía y estudios críticos de Ettore Camesasca.
260 _aBarcelona :
_bNoguer,
_c[1972] (
_fRizzoli)
300 _a128 p. :
_bil. col. y n. ;
_c32 cm.
490 1 _aClásicos del Arte ;
_v24
500 _aÍndices.
504 _aBibliografía: p. 82.
600 1 7 _aIngres, Jean-Auguste-Dominique.
_9150604
700 1 _aRadius, Emilio.
_994930
700 1 _aCamesasca, Ettore.
_934067
830 0 _aClásicos del Arte ;
_v24
_9191252
852 _aES-MaACL
_jL-31059
999 _c180597
_d180597